Chapter W̜ise Solutions Of AIEEE Mathematics (Record no. 44722)
[ view plain ]
| 000 -LEADER | |
|---|---|
| fixed length control field | 003570000a22001450004500 |
| 003 - CONTROL NUMBER IDENTIFIER | |
| control field | MACL |
| 040 ## - CATALOGING SOURCE | |
| Original cataloging agency | MACL |
| 090 ## - LOCALLY ASSIGNED LC-TYPE CALL NUMBER (OCLC); LOCAL CALL NUMBER (RLIN) | |
| -- | 45185 |
| -- | 45183 |
| 100 ## - MAIN ENTRY--PERSONAL NAME | |
| Personal name | Arihant Prakashan |
| 245 ## - TITLE STATEMENT | |
| Title | Chapter W̜ise Solutions Of AIEEE Mathematics |
| Remainder of title | With 10 Mock Tests |
| 260 ## - PUBLICATION, DISTRIBUTION, ETC. (IMPRINT) | |
| Name of publisher, distributor, etc. | Arihant Prakashan,Meerut |
| 350 ## - PRICE (NR) (BK AM CF MU VM SE) [OBSOLETE] | |
| Price | 125 |
| 650 ## - SUBJECT ADDED ENTRY--TOPICAL TERM | |
| Topical term or geographic name as entry element | Mathematics |
| 942 ## - ADDED ENTRY ELEMENTS (KOHA) | |
| Koha item type | Library Membar |
| Call number prefix | 510/ARI |
| Withdrawn status | Lost status | Source of classification or shelving scheme | Damaged status | Not for loan | Home library | Current library | Date acquired | Total Checkouts | Barcode | Date last seen | Date last checked out | Price effective from | Koha item type |
|---|---|---|---|---|---|---|---|---|---|---|---|---|---|
| MACL | MACL | 29/11/2015 | 1 | CLC17853 | 22/12/2015 | 29/11/2015 | 29/11/2015 | Library Membar |









